| 000 | 00690nam a2200205 i 4500 | ||
|---|---|---|---|
| 001 | 67241 | ||
| 003 | ES-MaACL | ||
| 005 | 20230906170020.0 | ||
| 007 | t| | ||
| 008 | 040513s1996 it ||||1| spa d | ||
| 080 | _a7.031.11(460.12) | ||
| 100 | 0 |
_aGómez-Tabanera, José Manuel, _d1926-2011 _958165 |
|
| 245 | 1 | 0 |
_aArte cuaternario en Asturias, España / _c[José M. Gómez-Tabanera]. |
| 260 |
_a[S.l.] : _bA.B.A.C.O, _c1996. |
||
| 300 |
_ap. [73]-86 ; _c21 cm. |
||
| 500 | _aColloquium XVI, Universality and Regionality in Prehistoric Art. | ||
| 650 | 4 |
_aArte prehistórico- _zAsturias (Comunidad Autónoma) _910271 |
|
| 852 |
_aES-MaACL _j2178-F-26 _bR.133779 |
||
| 999 |
_c67241 _d67241 |
||